000 00551nam a2200193Ia 4500
005 20250515144017.0
008 240822s9999 xx 000 0 und d
020 _a9789350020807
_qhbk
041 _aeng
082 _a301.01
_bAHM
100 _aAhmad Talmiz
245 0 _aChildren of Abraham At War; The Clash of Messianic Militarisms
245 0 _c/ Talmiz Ahmad
250 _a1st edition
260 _bAakar Books
_c2010
_aDelhi
300 _a461p
650 _asociology; Christianisme et politique États-Unis Histoire
942 _cENGLISH
999 _c529411
_d529411